Letter by letter - Countries #3 - Statistics

General Stats
  • This quiz has been taken 74 times
  • The average score is 32 of 39
Answer Stats
Answer % Correct
A
100%
N
95%
An
93%
M
93%
S
92%
Z
92%
No
89%
Ma
85%
Zi
85%
Zim
85%
Zimb
85%
Zimba
85%
Zimbab
85%
Zimbabw
85%
Zimbabwe
85%
And
82%
Ando
82%
Andor
82%
Andorr
82%
Andorra
82%
Nor
82%
Sl
80%
Slo
80%
Slov
80%
Slove
80%
Sloven
80%
Sloveni
80%
Mal
79%
Slovenia
79%
Nort
77%
North
77%
Mala
75%
North K
74%
North Ko
74%
North Kor
74%
North Kore
70%
Malaw
69%
Malawi
69%
North Korea
66%
No matching quizzes found
Score Distribution
Percent of People with Each Score
Percentile by Number Answered
Your Score History
You have not taken this quiz